Бывший военный губернатор Амурской области генерал-майор барон А.Г. фон Оффенберг

Доступно только в Электронных читальных залах Найти на картеНа карте
RUSMARC
00003572nmc2a2200000 x 450
0014fcfd9cf-4743-430f-b38d-f0fd73212a28
00520160220135437.0
100##$a20140417u########k l0rusy0189 ca
1010#$arus
102##$aRU
2001#$aБывший военный губернатор Амурской области генерал-майор барон А.Г. фон Оффенберг
$jб/д
251##$cДело
300##$aГрафика
801#0$aRU
$bРГИА
$c20140417
$gRCR
801#1$aRU
$bГлавНИВЦ
$c20140417
$2rusmarc
801#2$aRU
$bПБ им. Б.Н. Ельцина
$c20160220
$gRCR
$2rusmarc
850##$aРГИА
852##$aРГИА
$eФедеральное казенное учреждение "Российский государственный исторический архив" (РГИА)
$j33
937##$hРГИА
$d11163129
$aASBIBLIO_SCAN
462#0$1001074eb75f-1902-4909-a924-b21579da7b9b
$12001
$aКоллекция фотографий Техническо-строительного комитета МВД древних и архитектурно-скульптурных памятников России
$1251
$cОпись
$1852
$j169
461#0$1001f54a89d3-7a1d-489e-b167-0ae54867ea15
$12001
$aТехническо-строительный комитет МВД
$1251
$cФонд
$1852
$j1293
215##$a1 фотография в конверте
$cил.
$d22х28 см
371##$aДокумент не является опубликованным и широко распространяемым
105##$aa###
1220#$ad
035##$a4fcfd9cf-4743-430f-b38d-f0fd73212a28
Формат отображения